Paroles - La Bohème - Charles Aznavour - Statistiques

Statistiques générales
  • Ce quiz a été pris 5 679 fois
  • Le résultat moyen est 101 sur 139
Statistiques - réponses
Réponses % Correct
de
98%
98%
La
98%
la
98%
le
98%
les
97%
Ne
97%
ne
97%
Que
97%
que
97%
ans
96%
du
96%
Je
96%
Moi
96%
pas
96%
temps
96%
vingt
96%
ce
95%
connaître
95%
peuvent
95%
bohème
94%
d'un
94%
moins
94%
parle
94%
vous
94%
Et
91%
en
90%
En
90%
lilas
88%
Ça
87%
ses
87%
Qui
86%
qui
86%
dire
83%
nous
83%
Nous
83%
toi
83%
fenêtres
82%
Montmartre
82%
voulait
82%
es
81%
nos
81%
On
81%
sous
81%
nue
79%
Jusque
76%
qu'on
76%
est
75%
heureux
75%
C'est
74%
famine
74%
connu
72%
criait
72%
mine
70%
sur
70%
temps-là
70%
jour
69%
s'est
69%
deux
68%
payait
68%
Accrochait
67%
qu'un
67%
garni
66%
si
66%
servait
65%
mangions
64%
posais
64%
l'humble
58%
nid
58%
un
55%
Tu
49%
Dans
48%
des
47%
quelque
45%
étions
44%
cafés
41%
voisins
41%
jolie
40%
bien
39%
gloire
39%
attendions
38%
Avec
36%
miséreux
36%
quand
36%
ventre
35%
creux
34%
repas
34%
une
34%
chaud
33%
d'y
33%
bon
32%
Contre
32%
croire
32%
cessions
31%
toile
31%
quelques-uns
29%
vers
29%
bistro
28%
récitions
28%
prenait
24%
autour
23%
l'hiver
23%
oubliant
20%
poêle
20%
Groupés
18%
Aucun quiz correspondant
Distribution des résultats
% des personnes avec chaque résultat
Percentile par nombre de réponses
Votre historique - résultats
Vous n’avez pas pris ce quiz